000 00859nam a2200313Ia 4500
008 160803s9999 xx 000 0 und d
020 _a978-0679863731
100 _aOsborne, Mary Pope
245 _aSunset of the sabertooth /
245 _cby Mary Pope Osborne ; illustrated by Sal Murdocca.
260 _aNew York :
260 _bScholastic Inc.
260 _c1996
300 _a67 pages :
300 _billustrations ;
300 _c20 cm.
500 _a"A first stepping stone book."
650 _aMagic --
650 _aPrehistoric peoples --
650 _aSaber-toothed tigers --
650 _aTime travel --
650 _aTree houses --
650 _xJuvenile fiction.
650 _xJuvenile fiction.
650 _xJuvenile fiction.
650 _xJuvenile fiction.
650 _xJuvenile fiction.
700 _a350
999 _c298710
_d298710